00453 a2200169 450000100060000002000180000604000370002410000200006124000200008124500150010130000060011636200090012265000230013194200070015495201050016199900170026675470 a9788577151295 cAnchieta - Colégio São Paulo aNoto, Carolina 10aMicromegaslpor10aMicromegas a 0 a2011 4aLiteratura juvenil cBK 00104070a88.1b88.1d2023-11-22l0oLJ 028.5 M321mp7066/CSPr2023-11-22 14:32:57w2023-11-22yBK c75470d75470